<?xml version="1.0" encoding="UTF-8"?>
<record
    xmlns:xsi="http://www.w3.org/2001/XMLSchema-instance"
    xsi:schemaLocation="http://www.loc.gov/MARC21/slim http://www.loc.gov/standards/marcxml/schema/MARC21slim.xsd"
    xmlns="http://www.loc.gov/MARC21/slim">

  <leader>02489namaa22001691ia4500</leader>
  <controlfield tag="005">20250207095009.0</controlfield>
  <controlfield tag="008">250207k2024    dr ado|fsti||o001 0cspa d</controlfield>
  <datafield tag="020" ind1=" " ind2=" ">
    <subfield code="a">3060-964X</subfield>
  </datafield>
  <datafield tag="040" ind1=" " ind2=" ">
    <subfield code="a">CGID0013</subfield>
    <subfield code="c">CGID0013</subfield>
    <subfield code="e">rda</subfield>
  </datafield>
  <datafield tag="110" ind1=" " ind2=" ">
    <subfield code="a">Rep&#xFA;blica Dominicana : Instituto Dominicano de Evaluaci&#xF3;n e Investigaci&#xF3;n de la Calidad Educativa</subfield>
  </datafield>
  <datafield tag="245" ind1=" " ind2=" ">
    <subfield code="a">Memoria de la Gesti&#xF3;n del Ideice: Logros del per&#xED;odo 2020 - 2024</subfield>
  </datafield>
  <datafield tag="260" ind1=" " ind2=" ">
    <subfield code="a">Santo Domingo : </subfield>
    <subfield code="b">IDEICE</subfield>
    <subfield code="c">2024</subfield>
  </datafield>
  <datafield tag="505" ind1=" " ind2=" ">
    <subfield code="a">En el cuatrienio 2020-2024, el Instituto Dominicano de Evaluaci&#xF3;n e Investigaci&#xF3;n de la Calidad Educativa, conforme a las metas asumidas en su Plan Estrat&#xE9;gico y sus Planes Operativos Anuales, as&#xED; como los ejes estrat&#xE9;gicos del Ministerio de Educaci&#xF3;n, materializ&#xF3; acciones que tributan a su misi&#xF3;n y a su vez, al fortalecimiento del sistema educativo preuniversitario.
La socializaci&#xF3;n de resultados de investigaciones y evaluaciones con actores claves del sistema, los acuerdos interinstitucionales con entidades nacionales e internacionales comprometidas con la calidad educativa, la creaci&#xF3;n de espacios de divulgaci&#xF3;n como congresos, paneles, coloquios y mesas de dialogo, as&#xED; como la puesta en marcha de novedosas iniciativas como el programa Conoce tu Regional Investigando, forman parte de los esfuerzos realizados por el instituto para fortalecer la cultura de investigaci&#xF3;n educativa y corresponder a la propuesta del plan del gobierno de contribuir con el desarrollo de m&#xE1;s investigaciones.
Los logros que hoy puede exhibir el Ideice en sus &#xE1;reas misionales y administrativas no hubiesen sido posible si no se asumen las tareas pendientes encontradas al inicio de la gesti&#xF3;n en 2021 para cumplir con indicadores de desempe&#xF1;o y de transparencia gubernamental.
La inauguraci&#xF3;n de la nueva sede del Ideice vino a constituir un gran paso en el fortalecimiento institucional, pues permiti&#xF3; la adecuada organizaci&#xF3;n de los equipos y la eficientizaci&#xF3;n de las labores, tanto administrativas como de las &#xE1;reas t&#xE9;cnicas especializadas.</subfield>
    <subfield code="r">IDEICE</subfield>
  </datafield>
  <datafield tag="650" ind1=" " ind2=" ">
    <subfield code="a">Administraci&#xF3;n Educativa -- Educaci&#xF3;n y Estado, Calidad de la educaci&#xF3;n -- Rep&#xFA;blica Dominicana, Educaci&#xF3;n -- Rep&#xFA;blica Dominicana, Instituto Dominicano de Evaluaci&#xF3;n e Investigaci&#xF3;n de la Calidad Educativa -- Memoria e Informes 2020-2024 -- Rep&#xFA;blica Dominicana, Investigaci&#xF3;n -- Rep&#xFA;blica Dominicana.</subfield>
  </datafield>
  <datafield tag="710" ind1=" " ind2=" ">
    <subfield code="a">Instituto Dominicano de Evaluaci&#xF3;n e Investigaci&#xF3;n de la Calidad Educativa</subfield>
  </datafield>
  <datafield tag="942" ind1=" " ind2=" ">
    <subfield code="2">ddc</subfield>
    <subfield code="c">REV</subfield>
    <subfield code="n">0</subfield>
  </datafield>
  <datafield tag="999" ind1=" " ind2=" ">
    <subfield code="c">12488</subfield>
    <subfield code="d">12488</subfield>
  </datafield>
  <datafield tag="952" ind1=" " ind2=" ">
    <subfield code="0">0</subfield>
    <subfield code="1">0</subfield>
    <subfield code="2">ddc</subfield>
    <subfield code="4">0</subfield>
    <subfield code="7">0</subfield>
    <subfield code="a">RI</subfield>
    <subfield code="b">RI</subfield>
    <subfield code="d">2025-02-07</subfield>
    <subfield code="l">0</subfield>
    <subfield code="r">2025-02-07 13:17:55</subfield>
    <subfield code="u">https://ideice.gob.do/documentacion/publicaciones-id-p1-203-memoria-de-la-gestion-del-ideice-logros-del-periodo-2020-2024</subfield>
    <subfield code="w">2025-02-07</subfield>
    <subfield code="y">REV</subfield>
  </datafield>
</record>
